| 000 | 00413nam a22001457a 4500 | ||
|---|---|---|---|
| 005 | 20170523092920.0 | ||
| 008 | 170523b xxu||||| |||| 00| 0 eng d | ||
| 040 | _cPK-LaUMT | ||
| 082 |
_aZIAC 297.07 _bYUS-J |
||
| 100 | _aYusuf Ibne Abdul Bar | ||
| 245 |
_aJamia bian ul ilam wa fazalah/ _cYusuf Ibne Abdul Bar |
||
| 260 |
_aبیروت: _bدارالکتب العلمیہ، _c[ ] |
||
| 300 | _a207 ص | ||
| 942 | _cBK | ||
| 999 |
_c93909 _d93909 |
||